Caricamento...

Keralam Malayalikalude Mathrubhoomy /

Dettagli Bibliografici
Autore principale: E. M. S
Natura: Printed Book
Lingua:English
Pubblicazione: .
LEADER 00465nam a2200121Ia 4500
008 160114b xxu||||| |||| 00| 0 eng d
100 |a E. M. S 
245 |a Keralam Malayalikalude Mathrubhoomy /  |c by E. M. S 
260 |c . 
942 |c BK 
999 |c 293521  |d 293521 
952 |0 0  |1 0  |4 0  |7 0  |9 333931  |a HIS  |b HIS  |c ST1  |d 2016-02-02  |g 8.00  |i 3015  |l 0  |p HIS3015  |r 2016-02-02  |w 2016-02-02  |y BK 
952 |0 0  |1 0  |4 0  |7 0  |9 333932  |a HIS  |b HIS  |c ST1  |d 2016-02-02  |g 8.00  |i 3913  |l 0  |p HIS3913  |r 2016-02-02  |w 2016-02-02  |y BK